000 01134cab a2200385 4500
001 ABS54511
008 090401t1996 xxu||||| |||| 00| 0 eng d
035 _a(Sirsi) u10899
041 _aeng
245 _aFocus `96: West and South Yorkshire
260 _c1996
350 _a0
490 _aEstates Gazette
_v(9607) 17 February 1996, 81-127(19)
650 _aBRADFORD
650 _aDEARNE VALLEY
650 _aDONCASTER
650 _aENTERPRISE ZONES
650 _aINDUSTRIAL MARKET
650 _aLEEDS
650 _aLEISURE
650 _aLOWFIELDS BUSINESS PARK
650 _aM62 CORRIDOR
650 _aPROPERTY-COMMERCIAL PROPERTY-OFFICE PROPERTY-OFFICE PROPERTY MARKET
650 _aOFFICE SPACE
650 _aPUBLIC HOUSES
650 _aPROPERTY-COMMERCIAL PROPERTY-RETAIL PROPERTY-RETAIL PROPERTY MARKET
650 _aPROPERTY-INFRASTRUCTURE-TRANSPORT INFRASTRUCTURE-ROAD INFRASTRUCTURE
650 _aSHEFFIELD
650 _aSUPERTRAM
650 _aWAKEFIELD
650 _aYORKSHIRE
690 _aPROPERTY-COMMERCIAL PROPERTY-COMMERCIAL PROPERTY MARKET
942 _n0
948 _c04/03/1997
999 _c6940
_d6940